[Event "Tenerife-ch Seniors/Women"]
[Site "Santa Cruz de Tenerife"]
[Date "2023.03.27"]
[Round "7.3"]
[White "Medal Paves, Jose Maria"]
[Black "Villavicencio Martinez, Carlos Luis"]
[Result "1-0"]
[WhiteElo "1969"]
[BlackElo "2105"]
[PlyCount "89"]
[EventDate "2023.03.13"]
[EventType "swiss"]
[EventRounds "9"]
[EventCountry "ESP"]
[SourceTitle "EXT 2024"]
[Source "ChessBase"]
[SourceDate "2023.10.10"]
[SourceVersion "1"]
[SourceVersionDate "2023.10.10"]
[SourceQuality "1"]

1. e4 c5 2. Be2 e6 3. f4 d5 4. d3 Nc6 5. Nf3 dxe4 6. dxe4 Qxd1+ 7. Bxd1 Nf6 8. Nc3 a6 9. e5 Nd7 10. Ne4 b5 11. c3 Bb7 12. Bc2 Be7 13. Be3 0-0 14. 0-0 Rad8 15. Rad1 f6 16. exf6 gxf6 17. Rd2 Na5 18. b3 Bd5 19. f5 Bxe4 20. Bxe4 exf5 21. Bxf5 Ne5 22. Be6+ Nf7 23. Bh6 Rfe8 24. Ne5 Rxd2 25. Bxf7+ Kh8 26. Bxd2 Rf8 27. Bd5 fxe5 28. Rxf8+ Bxf8 29. c4 b4 30. Bg5 Kg7 31. Bd8 Nxb3 32. axb3 Kg6 33. g4 h5 34. h3 hxg4 35. hxg4 a5 36. Bxa5 Kg5 37. Bc7 Kf4 38. g5 Kxg5 39. Bxe5 Kf5 40. Bc7 Bg7 41. Kf2 Bd4+ 42. Kf3 Bg1 43. Bb7 Bd4 44. Bc8+ Kg5 45. Ke4 1-0

[Event "Tenerife-chT Preferente"]
[Site "Tenerife"]
[Date "2023.03.18"]
[Round "8.3"]
[White "Villavicencio Martinez, Carlos Luis"]
[Black "Hernandez Leon, Sergio"]
[Result "1/2-1/2"]
[WhiteElo "2098"]
[BlackElo "2178"]
[PlyCount "126"]
[EventDate "2023.01.14"]
[EventType "team-tourn"]
[EventRounds "14"]
[EventCountry "ESP"]
[SourceTitle "EXT 2024"]
[Source "ChessBase"]
[SourceDate "2023.10.10"]
[SourceVersion "1"]
[SourceVersionDate "2023.10.10"]
[SourceQuality "1"]
[WhiteTeam "Canarias 64"]
[BlackTeam "Ebano Barrio Nuevo"]
[WhiteTeamCountry "ESP"]
[BlackTeamCountry "ESP"]

1. Nf3 Nf6 2. b3 d5 3. e3 Bf5 4. Bb2 e6 5. c4 c6 6. Nc3 h6 7. Rc1 Bd6 8. d3 0-0 9. Be2 Nbd7 10. cxd5 exd5 11. 0-0 Bh7 12. Re1 Re8 13. Bf1 Rc8 14. Ne2 Ng4 15. h3 Nge5 16. Nxe5 Nxe5 17. Nd4 Bb4 18. Bc3 Bxc3 19. Rxc3 Qa5 20. Rc1 Qa6 21. f4 Nd7 22. Rc2 Qb6 23. Rf2 c5 24. Nf3 Re7 25. e4 dxe4 26. dxe4 Nf6 27. Bc4 Bxe4 28. Ne5 Rd8 29. Rd2 Rd4 30. Kh2 Bd5 31. Bxd5 Nxd5 32. Nc4 Qf6 33. Rxd4 cxd4 34. Rf1 b5 35. Qf3 bxc4 36. Qxd5 c3 37. Rf2 Re8 38. Qc4 Re3 39. Qc5 Qg6 40. Qxd4 Qg3+ 41. Kg1 Re1+ 42. Rf1 Re2 43. Qd5 c2 44. Qc6 Qe3+ 45. Kh2 g6 46. f5 Qe5+ 47. Kg1 gxf5 48. Qxh6 f4 49. Qc6 Qe3+ 50. Kh1 Qg3 51. Rg1 Qe3 52. Qc8+ Kg7 53. Qg4+ Kf6 54. Qh4+ Ke6 55. Qg4+ Kd6 56. Qc8 Qxg1+ 57. Kxg1 Re1+ 58. Kf2 c1Q 59. Qd8+ Kc6 60. Qc8+ Kb6 61. Qb8+ Kc6 62. Qc8+ Kb6 63. Qb8+ Kc6 1/2-1/2

[Event "Tenerife-chT Preferente"]
[Site "Tenerife"]
[Date "2023.03.04"]
[Round "6.3"]
[White "Villavicencio Martinez, Carlos Luis"]
[Black "Baskewitsch, Pierre"]
[Result "1/2-1/2"]
[WhiteElo "2098"]
[BlackElo "1894"]
[PlyCount "117"]
[EventDate "2023.01.14"]
[EventType "team-tourn"]
[EventRounds "14"]
[EventCountry "ESP"]
[SourceTitle "EXT 2024"]
[Source "ChessBase"]
[SourceDate "2023.10.10"]
[SourceVersion "1"]
[SourceVersionDate "2023.10.10"]
[SourceQuality "1"]
[WhiteTeam "Canarias 64"]
[BlackTeam "Rey Ahogado"]
[WhiteTeamCountry "ESP"]
[BlackTeamCountry "ESP"]

1. Nf3 d5 2. e3 Bg4 3. c4 e6 4. Nc3 Bxf3 5. Qxf3 c6 6. d4 Nf6 7. Bd3 dxc4 8. Bxc4 Be7 9. 0-0 0-0 10. Rd1 Nbd7 11. e4 b5 12. Bb3 b4 13. Na4 Qa5 14. Be3 Nb6 15. Nxb6 axb6 16. Rac1 Rac8 17. Rc2 e5 18. dxe5 Qxe5 19. Bf4 Qxe4 20. Qxe4 Nxe4 21. Re2 Bf6 22. Rxe4 Bxb2 23. Rxb4 b5 24. Bd6 Rfd8 25. Bc5 Rxd1+ 26. Bxd1 Ba3 27. Rd4 Bxc5 28. Rd7 Kf8 29. Bb3 Be7 30. Rb7 g6 31. g3 b4 32. h4 c5 33. Bc4 Rd8 34. Rc7 Rd6 35. Kg2 Rf6 36. Rc8+ Kg7 37. Re8 Bf8 38. Rc8 Rf5 39. Bb3 Bd6 40. Rc6 Be7 41. f4 h6 42. Rc7 Bf8 43. Kf3 Rf6 44. Ke4 h5 45. Rd7 Bd6 46. Bxf7 Rxf7 47. Rxd6 Ra7 48. Rd2 Ra3 49. Rc2 b3 50. axb3 Rxb3 51. Rxc5 Rxg3 52. Rg5 Rh3 53. f5 Rxh4+ 54. Ke5 Rg4 55. Rxg6+ Rxg6 56. fxg6 h4 57. Kf4 h3 58. Kg3 Kxg6 59. Kxh3 1/2-1/2

[Event "Tenerife-chT Preferente"]
[Site "Tenerife"]
[Date "2023.02.04"]
[Round "4.3"]
[White "Villavicencio Martinez, Carlos Luis"]
[Black "Basto Auzmendi, Mario"]
[Result "1-0"]
[WhiteElo "2098"]
[BlackElo "1918"]
[PlyCount "59"]
[EventDate "2023.01.14"]
[EventType "team-tourn"]
[EventRounds "14"]
[EventCountry "ESP"]
[SourceTitle "EXT 2024"]
[Source "ChessBase"]
[SourceDate "2023.10.10"]
[SourceVersion "1"]
[SourceVersionDate "2023.10.10"]
[SourceQuality "1"]
[WhiteTeam "Canarias 64"]
[BlackTeam "Circulo de Amistad XII Enero"]
[WhiteTeamCountry "ESP"]
[BlackTeamCountry "ESP"]

1. Nf3 f5 2. g3 Nf6 3. Bg2 g6 4. 0-0 d6 5. d4 Bg7 6. b4 0-0 7. Bb2 c6 8. c4 a5 9. a3 axb4 10. axb4 Rxa1 11. Bxa1 e5 12. dxe5 Ng4 13. Nbd2 Nxe5 14. Qc2 Qe7 15. e3 Na6 16. b5 Nb4 17. Qb3 c5 18. Bc3 Nxf3+ 19. Bxf3 Bxc3 20. Qxc3 Qe5 21. Qb3 Be6 22. Rd1 b6 23. Nb1 Rf7 24. Nc3 Ra7 25. Na4 Kg7 26. Nxb6 Ra2 27. Na4 Bxc4 28. Qxc4 Rxa4 29. b6 Ra6 30. Qb5 1-0

[Event "Tenerife-chT Preferente"]
[Site "Tenerife"]
[Date "2023.01.14"]
[Round "1.2"]
[White "Villavicencio Martinez, Carlos Luis"]
[Black "Amador Garcia, Ismael"]
[Result "0-1"]
[WhiteElo "2098"]
[BlackElo "2232"]
[PlyCount "72"]
[EventDate "2023.01.14"]
[EventType "team-tourn"]
[EventRounds "14"]
[EventCountry "ESP"]
[SourceTitle "EXT 2024"]
[Source "ChessBase"]
[SourceDate "2023.10.10"]
[SourceVersion "1"]
[SourceVersionDate "2023.10.10"]
[SourceQuality "1"]
[WhiteTeam "Canarias 64"]
[BlackTeam "Ebano Barrio Nuevo"]
[WhiteTeamCountry "ESP"]
[BlackTeamCountry "ESP"]

1. Nf3 Nf6 2. b3 d5 3. Bb2 e6 4. e3 Bd6 5. c4 0-0 6. Be2 Nbd7 7. 0-0 dxc4 8. bxc4 e5 9. Nc3 Re8 10. Qc2 e4 11. Ng5 Nc5 12. f3 Ng4 13. f4 Nf6 14. Kh1 Bf8 15. Rad1 h6 16. Nh3 Bxh3 17. gxh3 Nd3 18. Ba1 Nb4 19. Qb1 Qc8 20. Rg1 Qxh3 21. Rg3 Qf5 22. a3 Nd3 23. Bxd3 exd3 24. Qxb7 Ne4 25. Nxe4 Qxe4+ 26. Qxe4 Rxe4 27. Bxg7 Bxg7 28. Rdg1 Kh8 29. Rxg7 Rf8 30. f5 Rxc4 31. R7g4 Rc2 32. e4 Rxd2 33. f6 Rf2 34. e5 d2 35. Rd4 Rg8 36. Rd7 Re2 0-1

[Event "Tenerife-chT Preferente 1920"]
[Site "Tenerife"]
[Date "2019.12.21"]
[Round "3.3"]
[White "Remon Garcia, Jose Domingo"]
[Black "Villavicencio Martinez, Carlos Luis"]
[Result "1/2-1/2"]
[WhiteElo "1893"]
[BlackElo "2086"]
[PlyCount "96"]
[EventDate "2019.11.30"]
[EventType "team-tourn"]
[EventRounds "14"]
[EventCountry "ESP"]
[SourceTitle "CBM 195 Extra"]
[Source "ChessBase"]
[SourceDate "2020.05.31"]
[SourceVersion "1"]
[SourceVersionDate "2020.05.31"]
[SourceQuality "1"]
[WhiteTeam "Al Shah Mat Los Realejos"]
[BlackTeam "Laguna Cotelec"]
[WhiteTeamCountry "ESP"]
[BlackTeamCountry "ESP"]

1. e4 c5 2. c4 Nc6 3. Nc3 e6 4. g3 g6 5. Bg2 Bg7 6. Nge2 Nge7 7. d3 0-0 8. 0-0 a6 9. Rb1 Rb8 10. a3 b5 11. cxb5 axb5 12. b4 cxb4 13. axb4 Nd4 14. Nxd4 Bxd4 15. Ne2 Bg7 16. d4 Bb7 17. Be3 f5 18. f3 fxe4 19. fxe4 Rxf1+ 20. Qxf1 Qc7 21. Rc1 Qd6 22. Rc5 Rf8 23. Qe1 Qb6 24. Qd2 d6 25. Rc2 Rc8 26. Rxc8+ Bxc8 27. Qc1 Qc6 28. Qd2 Qc4 29. Bf1 Nc6 30. d5 Nxb4 31. dxe6 Qxe4 32. Nd4 Nd5 33. Bf2 Nc7 34. Bd3 Qd5 35. Qf4 Nxe6 36. Nxe6 Bxe6 37. Be4 Qd1+ 38. Kg2 Be5 39. Qg5 b4 40. Bxg6 hxg6 41. Qxg6+ Kf8 42. Qxe6 b3 43. Qc8+ Kf7 44. Qf5+ Ke7 45. Qh7+ Kf8 46. Qf5+ Kg7 47. Qg5+ Kh7 48. Qf5+ Kg7 1/2-1/2

[Event "Tenerife-chT Preferente 1819"]
[Site "Tenerife"]
[Date "2019.04.27"]
[Round "14.3"]
[White "Villavicencio Martinez, Carlos Luis"]
[Black "Kraus, Oliver"]
[Result "1-0"]
[WhiteElo "2097"]
[BlackElo "2035"]
[PlyCount "121"]
[EventDate "2018.11.24"]
[EventType "team-tourn"]
[EventRounds "14"]
[EventCountry "ESP"]
[SourceTitle "EXT 2021"]
[Source "ChessBase"]
[SourceDate "2020.10.23"]
[SourceVersion "1"]
[SourceVersionDate "2020.10.23"]
[SourceQuality "1"]
[WhiteTeam "Laguna Cotelec"]
[BlackTeam "Rey Ahogado"]
[WhiteTeamCountry "ESP"]
[BlackTeamCountry "ESP"]

1. d4 d5 2. c4 c6 3. cxd5 cxd5 4. Bg5 Qb6 5. Nc3 Nc6 6. Qd2 Bf5 7. Nxd5 Qd8 8. Ne3 Bg6 9. d5 Nb8 10. Nf3 Nf6 11. Bxf6 exf6 12. g3 Bc5 13. Bg2 Be4 14. 0-0 0-0 15. Ne1 Re8 16. Bxe4 Rxe4 17. Qc2 Qe7 18. Nf5 Qe5 19. Qxc5 Qxf5 20. Qc2 Qe5 21. Qc8+ Qe8 22. Qxb7 Nd7 23. e3 Rb8 24. Qxa7 Rxb2 25. Nd3 Rb5 26. Rfd1 g5 27. d6 Kg7 28. Ne1 Rb6 29. Ng2 Qe6 30. Qc7 h5 31. Rab1 Reb4 32. Rxb4 Rxb4 33. Qc2 Qg4 34. Ne1 h4 35. f3 Qe6 36. e4 hxg3 37. hxg3 Qe5 38. Nd3 Qd4+ 39. Qf2 Qxf2+ 40. Kxf2 Ra4 41. Rd2 Rd4 42. Ke3 Rxd6 43. Nf2 Rxd2 44. Kxd2 Kf8 45. Kc3 Ke7 46. Nd3 Kd6 47. f4 Kc6 48. Kd4 gxf4 49. gxf4 Nf8 50. f5 Kd6 51. e5+ fxe5+ 52. Nxe5 f6 53. Ng4 Nd7 54. a4 Nc5 55. Nxf6 Nxa4 56. Ne4+ Ke7 57. Ke5 Nb6 58. f6+ Kf8 59. Ke6 Nc4 60. Ng5 Ne3 61. Nh7+ 1-0

[Event "Tenerife-chT Preferente 1819"]
[Site "Tenerife"]
[Date "2019.04.06"]
[Round "13.3"]
[White "Mendez Acosta, Alexander Jesus"]
[Black "Villavicencio Martinez, Carlos Luis"]
[Result "1/2-1/2"]
[WhiteElo "1976"]
[BlackElo "2097"]
[PlyCount "105"]
[EventDate "2018.11.24"]
[EventType "team-tourn"]
[EventRounds "14"]
[EventCountry "ESP"]
[SourceTitle "CBM 189 Extra"]
[Source "ChessBase"]
[SourceDate "2019.06.03"]
[SourceVersion "1"]
[SourceVersionDate "2019.06.03"]
[SourceQuality "1"]
[WhiteTeam "Al Shah Mat Los Realejos"]
[BlackTeam "Laguna Cotelec"]
[WhiteTeamCountry "ESP"]
[BlackTeamCountry "ESP"]

1. c4 c5 2. Nc3 b6 3. Nf3 Bb7 4. e4 d6 5. d4 cxd4 6. Nxd4 Nf6 7. Bd3 e6 8. 0-0 Be7 9. Kh1 Nbd7 10. Qe2 Rc8 11. f4 Qc7 12. Bd2 a6 13. Rae1 0-0 14. e5 dxe5 15. fxe5 Qxe5 16. Qxe5 Nxe5 17. Rxe5 Rfd8 18. Nce2 Bd6 19. Re3 Bc5 20. Bc3 Ng4 21. Rg3 h5 22. h3 Bd6 23. hxg4 Bxg3 24. Nxg3 e5 25. Ndf5 Rxd3 26. Nxh5 Rxc4 27. Bxe5 Rc2 28. Nf4 Rdd2 29. Ne3 f6 30. Bc3 Rf2 31. Rd1 Rxc3 32. Rd8+ Kh7 33. bxc3 Rxf4 34. Rd7 Bc8 35. Rd4 Rf2 36. Rd8 Bb7 37. Rd7 Bc8 38. Rc7 Re2 39. Rxc8 Rxe3 40. Rc6 Re4 41. Rxb6 Ra4 42. c4 Rxa2 43. c5 Rc2 44. Rxa6 Rxc5 45. Ra4 Kg6 46. Kh2 Kg5 47. Rb4 Rc1 48. Ra4 Rc2 49. Rb4 Rf2 50. Kg3 Rd2 51. Rb5+ Kg6 52. Kh3 Kf7 53. g5 1/2-1/2

[Event "Tenerife-chT Preferente 1819"]
[Site "Tenerife"]
[Date "2019.03.23"]
[Round "11.1"]
[White "Villavicencio Martinez, Carlos Luis"]
[Black "Evora Brondo, Jose Luis"]
[Result "1/2-1/2"]
[WhiteElo "2097"]
[BlackElo "1984"]
[PlyCount "105"]
[EventDate "2018.11.24"]
[EventType "team-tourn"]
[EventRounds "14"]
[EventCountry "ESP"]
[SourceTitle "CBM 189 Extra"]
[Source "ChessBase"]
[SourceDate "2019.06.03"]
[SourceVersion "1"]
[SourceVersionDate "2019.06.03"]
[SourceQuality "1"]
[WhiteTeam "Laguna Cotelec"]
[BlackTeam "Circulo de Amistad"]
[WhiteTeamCountry "ESP"]
[BlackTeamCountry "ESP"]

1. d4 Nf6 2. c4 e6 3. Nf3 d5 4. g3 b6 5. Bg2 Bb7 6. 0-0 Be7 7. Nc3 0-0 8. cxd5 Nxd5 9. Qc2 Nd7 10. e4 Nxc3 11. bxc3 c5 12. d5 exd5 13. exd5 Bf6 14. Bf4 Re8 15. Rad1 Ne5 16. Nxe5 Bxe5 17. Bxe5 Rxe5 18. Rfe1 Qd6 19. Rxe5 Qxe5 20. Qd2 Qd6 21. Qe2 h6 22. Re1 Rd8 23. Rd1 Kf8 24. h4 Qf6 25. Qd3 g6 26. a3 Kg7 27. Re1 a6 28. Rd1 Rd6 29. c4 Bc8 30. Re1 Bd7 31. Qe3 Qd8 32. Kh2 g5 33. hxg5 hxg5 34. Kg1 Rh6 35. Be4 Qf6 36. Bd3 Bg4 37. Be2 Bf5 38. Bf3 Rh8 39. Bg2 g4 40. Qf4 Rd8 41. Re5 Bg6 42. Qe3 b5 43. cxb5 axb5 44. f4 gxf3 45. Bxf3 Qd6 46. Kg2 Ra8 47. Re8 Rxe8 48. Qxe8 b4 49. axb4 cxb4 50. Qe3 f6 51. Kf2 Bf7 52. Qd2 Qc5+ 53. Kg2 1/2-1/2

[Event "Tenerife-chT Preferente 1819"]
[Site "Tenerife"]
[Date "2019.03.16"]
[Round "10.2"]
[White "Villavicencio Martinez, Carlos Luis"]
[Black "Mendoza Contreras, Lucas Eduardo"]
[Result "1/2-1/2"]
[WhiteElo "2097"]
[BlackElo "2106"]
[PlyCount "31"]
[EventDate "2018.11.24"]
[EventType "team-tourn"]
[EventRounds "14"]
[EventCountry "ESP"]
[SourceTitle "CBM 189 Extra"]
[Source "ChessBase"]
[SourceDate "2019.06.03"]
[SourceVersion "1"]
[SourceVersionDate "2019.06.03"]
[SourceQuality "1"]
[WhiteTeam "Laguna Cotelec"]
[BlackTeam "Canarias 64"]
[WhiteTeamCountry "ESP"]
[BlackTeamCountry "ESP"]

1. d4 Nf6 2. c4 c5 3. d5 b5 4. cxb5 a6 5. Nc3 d6 6. e4 g6 7. Nf3 Bg7 8. bxa6 0-0 9. Be2 Bxa6 10. 0-0 Ng4 11. Bf4 Nd7 12. Kh1 Qb6 13. Rb1 Rfb8 14. Bxa6 Rxa6 15. Qc2 Qa5 16. h3 1/2-1/2

[Event "Tenerife-chT Preferente 1819"]
[Site "Tenerife"]
[Date "2019.02.16"]
[Round "8.2"]
[White "Villavicencio Martinez, Carlos Luis"]
[Black "Hernandez Leon, Sergio"]
[Result "1/2-1/2"]
[WhiteElo "2097"]
[BlackElo "2165"]
[PlyCount "71"]
[EventDate "2018.11.24"]
[EventType "team-tourn"]
[EventRounds "14"]
[EventCountry "ESP"]
[SourceTitle "CBM 189 Extra"]
[Source "ChessBase"]
[SourceDate "2019.06.03"]
[SourceVersion "1"]
[SourceVersionDate "2019.06.03"]
[SourceQuality "1"]
[WhiteTeam "Laguna Cotelec"]
[BlackTeam "Ebano Barrio Nuevo"]
[WhiteTeamCountry "ESP"]
[BlackTeamCountry "ESP"]

1. d4 f5 2. c4 Nf6 3. g3 g6 4. Bg2 Bg7 5. Nf3 0-0 6. 0-0 d6 7. Nc3 c6 8. b3 Na6 9. Bb2 Qc7 10. Rc1 e5 11. d5 c5 12. e4 Nxe4 13. Nxe4 fxe4 14. Ng5 Nb4 15. Ra1 e3 16. f3 e4 17. Bxg7 Qxg7 18. Nxe4 Qd4 19. Qe2 Qd3 20. Rfe1 Bf5 21. a3 Bxe4 22. fxe4 Qxe2 23. Rxe2 Nd3 24. Rxe3 Ne5 25. Rf1 a5 26. Rxf8+ Kxf8 27. a4 Ke7 28. Bf1 Rf8 29. Be2 b6 30. Rc3 Rf7 31. Kg2 Kf8 32. Rc1 Kg7 33. Re1 Rf8 34. h4 h6 35. Rh1 Rf7 36. Re1 1/2-1/2

[Event "Tenerife-chT Preferente 1819"]
[Site "Tenerife"]
[Date "2019.02.09"]
[Round "7.2"]
[White "Villavicencio Martinez, Carlos Luis"]
[Black "Schneider Sanchez, Carlos Domingo"]
[Result "1/2-1/2"]
[WhiteElo "2097"]
[BlackElo "1978"]
[PlyCount "143"]
[EventDate "2018.11.24"]
[EventType "team-tourn"]
[EventRounds "14"]
[EventCountry "ESP"]
[SourceTitle "CBM 189 Extra"]
[Source "ChessBase"]
[SourceDate "2019.06.03"]
[SourceVersion "1"]
[SourceVersionDate "2019.06.03"]
[SourceQuality "1"]
[WhiteTeam "Laguna Cotelec"]
[BlackTeam "Rey Ahogado"]
[WhiteTeamCountry "ESP"]
[BlackTeamCountry "ESP"]

1. d4 d5 2. c4 c6 3. cxd5 cxd5 4. Bg5 Qb6 5. Nc3 h6 6. Bh4 Nf6 7. Bxf6 exf6 8. Qd2 Bb4 9. e3 Bf5 10. Nge2 0-0 11. a3 Qa5 12. Ra2 Bd6 13. b4 Qd8 14. Nb5 Be7 15. Nf4 a5 16. bxa5 Rxa5 17. Be2 Nc6 18. 0-0 Qd7 19. Nc3 g5 20. Nd3 Rfa8 21. a4 Kg7 22. Rb2 R8a7 23. Nc1 Ba3 24. Rb3 Be7 25. Bb5 Qe6 26. Nd3 Bd6 27. Rc1 Ra8 28. Ne2 Rc8 29. Nc5 Bxc5 30. Rxc5 Raa8 31. Rbc3 Ne7 32. Rc7 Rxc7 33. Rxc7 b6 34. Qb4 Nc8 35. Nc3 Qd6 36. Qxd6 Nxd6 37. Bc6 Ra5 38. Bxd5 b5 39. Rc5 Bc2 40. Nxb5 Rxa4 41. h3 Nxb5 42. Rxc2 Rb4 43. Rc4 Rb2 44. Rc6 Rd2 45. Rc5 Rb2 46. Bc4 Nd6 47. Bd3 Rd2 48. Bc2 Kf8 49. Bb3 Rb2 50. Bd5 f5 51. Rc7 Rb5 52. Bf3 Rb4 53. Rd7 Rb6 54. Bd5 Ke8 55. Rc7 h5 56. Kh2 Rb2 57. f3 Kd8 58. Ra7 Ke8 59. e4 fxe4 60. fxe4 h4 61. Bc6+ Kf8 62. Rd7 Nc4 63. Bd5 Ne3 64. Rxf7+ Ke8 65. Rf3 Nxg2 66. Bc6+ Ke7 67. Kh1 Nf4 68. e5 Rb1+ 69. Kh2 Rb2+ 70. Kg1 Ne2+ 71. Kh1 Nxd4 72. Rc3 1/2-1/2

[Event "Tenerife-chT Preferente 1718"]
[Site "Tenerife"]
[Date "2018.03.03"]
[Round "11.2"]
[White "Kohlmann, Robert"]
[Black "Villavicencio Martinez, Carlos Luis"]
[Result "1/2-1/2"]
[WhiteElo "2097"]
[BlackElo "2125"]
[PlyCount "54"]
[EventDate "2017.11.11"]
[EventType "team-tourn"]
[EventRounds "14"]
[EventCountry "ESP"]
[SourceTitle "EXT 2019"]
[Source "ChessBase"]
[SourceDate "2018.10.10"]
[SourceVersion "1"]
[SourceVersionDate "2018.10.10"]
[SourceQuality "1"]
[WhiteTeam "Rey Ahogado"]
[BlackTeam "Laguna Cotelec"]
[WhiteTeamCountry "ESP"]
[BlackTeamCountry "ESP"]

1. e4 c5 2. Nf3 e6 3. d3 Nc6 4. g3 Nge7 5. Bg2 g6 6. 0-0 Bg7 7. c3 e5 8. Be3 d6 9. h3 0-0 10. Na3 b6 11. d4 Ba6 12. Re1 exd4 13. cxd4 Nb4 14. Qd2 Rc8 15. Bh6 Re8 16. Bxg7 Kxg7 17. dxc5 dxc5 18. Qc3+ Kg8 19. Red1 Qc7 20. Nc4 Rcd8 21. a3 Bxc4 22. Qxc4 Nbc6 23. Qc2 Rxd1+ 24. Rxd1 Rd8 25. Rd2 Rxd2 26. Qxd2 Qd8 27. Qxd8+ Nxd8 1/2-1/2

[Event "Tenerife-chT Preferente 1718"]
[Site "Tenerife"]
[Date "2018.01.20"]
[Round "7.2"]
[White "Hernandez Leon, Sergio"]
[Black "Villavicencio Martinez, Carlos Luis"]
[Result "1-0"]
[WhiteElo "2109"]
[BlackElo "2125"]
[PlyCount "53"]
[EventDate "2017.11.11"]
[EventType "team-tourn"]
[EventRounds "14"]
[EventCountry "ESP"]
[SourceTitle "EXT 2019"]
[Source "ChessBase"]
[SourceDate "2018.10.10"]
[SourceVersion "1"]
[SourceVersionDate "2018.10.10"]
[SourceQuality "1"]
[WhiteTeam "Ebano Casa Venezuela"]
[BlackTeam "Laguna Cotelec"]
[WhiteTeamCountry "ESP"]
[BlackTeamCountry "ESP"]

1. e4 c5 2. Nc3 e6 3. g3 d5 4. d3 d4 5. Nce2 Nc6 6. Bg2 Be7 7. f4 Nf6 8. h3 0-0 9. Nf3 Qc7 10. 0-0 Rd8 11. g4 c4 12. f5 cxd3 13. cxd3 exf5 14. gxf5 Nh5 15. Bd2 g6 16. Nh2 Ne5 17. Ng4 Nxg4 18. hxg4 Ng3 19. Rc1 Nxe2+ 20. Qxe2 Qb6 21. Bf4 Re8 22. Qf2 Bd6 23. fxg6 Bxf4 24. gxf7+ Kxf7 25. Qxf4+ Ke7 26. Qg5+ Kd6 27. Qd5+ 1-0

[Event "Tenerife-chT Preferente 1718"]
[Site "Tenerife"]
[Date "2018.01.13"]
[Round "6.3"]
[White "Martinez Rojas, Carlos Jose"]
[Black "Villavicencio Martinez, Carlos Luis"]
[Result "1/2-1/2"]
[WhiteElo "2028"]
[BlackElo "2125"]
[PlyCount "75"]
[EventDate "2017.11.11"]
[EventType "team-tourn"]
[EventRounds "14"]
[EventCountry "ESP"]
[SourceTitle "EXT 2019"]
[Source "ChessBase"]
[SourceDate "2018.10.10"]
[SourceVersion "1"]
[SourceVersionDate "2018.10.10"]
[SourceQuality "1"]
[WhiteTeam "Canarias 64"]
[BlackTeam "Laguna Cotelec"]
[WhiteTeamCountry "ESP"]
[BlackTeamCountry "ESP"]

1. e4 c5 2. b3 e6 3. Nf3 Nc6 4. Bb5 Qf6 5. c3 Qg6 6. 0-0 Qxe4 7. d4 Nf6 8. Re1 Qf5 9. Ne5 cxd4 10. Bxc6 dxc3 11. g4 Nxg4 12. Nxg4 dxc6 13. Qd4 f6 14. Ne3 Qa5 15. Nc4 Qd5 16. Qg4 e5 17. Qg3 Kf7 18. Nxc3 Qd7 19. Be3 Bb4 20. Rac1 Qg4 21. f3 Qxg3+ 22. hxg3 Rd8 23. a3 Be7 24. Rcd1 Be6 25. Ne4 b6 26. Ned6+ Kf8 27. a4 Bxd6 28. Rxd6 Rxd6 29. Nxd6 Bxb3 30. Ra1 Rd8 31. Ra3 Bd1 32. Nf5 g6 33. Nh4 Rd5 34. Kf2 Ke7 35. Ra1 Bb3 36. Ra3 Bd1 37. Ra1 Bb3 38. Ra3 1/2-1/2

[Event "Tenerife-chT Preferente 1617"]
[Site "Tenerife"]
[Date "2017.04.01"]
[Round "11.3"]
[White "Villavicencio Martinez, Carlos Luis"]
[Black "Padilla Mendez, Vicente"]
[Result "1-0"]
[WhiteElo "2128"]
[BlackElo "1844"]
[PlyCount "147"]
[EventDate "2016.12.10"]
[EventType "team-tourn"]
[EventRounds "14"]
[EventCountry "ESP"]
[SourceTitle "EXT 2018"]
[Source "ChessBase"]
[SourceDate "2017.10.13"]
[SourceVersion "1"]
[SourceVersionDate "2017.10.13"]
[SourceQuality "1"]
[WhiteTeam "Laguna Cotelec"]
[BlackTeam "La Gomera"]
[WhiteTeamCountry "ESP"]
[BlackTeamCountry "ESP"]

1. c4 c6 2. Nf3 d5 3. g3 Nf6 4. Bg2 Bf5 5. 0-0 e6 6. cxd5 cxd5 7. Qb3 Qc7 8. d3 Nc6 9. Nc3 a6 10. Be3 Bd6 11. Rfc1 Qe7 12. Na4 0-0 13. Nb6 Rad8 14. Nh4 Bg4 15. Qd1 d4 16. Bd2 Nb4 17. Nf3 Nc6 18. a3 h6 19. b4 Rfe8 20. Qb3 e5 21. Qb2 e4 22. dxe4 Qxe4 23. Re1 Qe7 24. h3 Bh5 25. Rad1 Qc7 26. Nc4 Bxg3 27. fxg3 Qxg3 28. Qc1 Ne4 29. Rf1 g5 30. Be1 Qc7 31. Rd3 Re6 32. Ncd2 Nc3 33. Rxc3 dxc3 34. Qxc3 Rxe2 35. Bf2 Qe7 36. Re1 Rxe1+ 37. Bxe1 Qe2 38. Bf2 Rd3 39. Qf6 Rxd2 40. Nxd2 Qxd2 41. Qxh6 Bg6 42. h4 Ne5 43. Qxg5 Qd1+ 44. Kh2 Ng4+ 45. Kg3 Nxf2 46. Kxf2 Qc2+ 47. Kg1 Qd1+ 48. Kh2 Qd6+ 49. Qg3 Qxg3+ 50. Kxg3 b6 51. Kf4 f6 52. Be4 Bf7 53. Kf5 Kg7 54. Bf3 Bb3 55. Bh5 a5 56. Be8 axb4 57. axb4 Kf8 58. Bc6 Kf7 59. Be4 Be6+ 60. Kf4 Bb3 61. Bf5 Bd1 62. Ke3 Ke7 63. Kd4 Bh5 64. Kc4 Kd6 65. Kb5 Kc7 66. Ka6 Be2+ 67. Ka7 Kc6 68. Bc8 b5 69. Bb7+ Kc7 70. Be4 Kd6 71. Bg6 Ke5 72. h5 f5 73. h6 Kf6 74. Bxf5 1-0

[Event "Tenerife-chT Preferente 1617"]
[Site "Tenerife"]
[Date "2017.02.04"]
[Round "6.2"]
[White "Villavicencio Martinez, Carlos Luis"]
[Black "Guerra Arrocha, Daniel"]
[Result "0-1"]
[WhiteElo "2128"]
[BlackElo "2110"]
[PlyCount "86"]
[EventDate "2016.12.10"]
[EventType "team-tourn"]
[EventRounds "14"]
[EventCountry "ESP"]
[SourceTitle "CBM 176 Extra"]
[Source "ChessBase"]
[SourceDate "2017.03.02"]
[SourceVersion "1"]
[SourceVersionDate "2017.03.02"]
[SourceQuality "1"]
[WhiteTeam "Laguna Cotelec"]
[BlackTeam "El Sauzal"]
[WhiteTeamCountry "ESP"]
[BlackTeamCountry "ESP"]

1. Nf3 Nf6 2. c4 g6 3. Nc3 Bg7 4. d4 0-0 5. e4 d6 6. Be2 Na6 7. 0-0 e5 8. Be3 Ng4 9. Bg5 Qe8 10. h3 f6 11. Bc1 Nh6 12. Re1 Nf7 13. Bf1 Be6 14. a3 f5 15. d5 Bd7 16. b4 f4 17. c5 dxc5 18. Bxa6 cxb4 19. axb4 bxa6 20. Rxa6 Nd6 21. Nd2 g5 22. f3 Rf6 23. Nb3 Nxe4 24. Nxe4 Rxa6 25. Nxg5 Qg6 26. Nc5 Rd6 27. Nge4 Bxh3 28. Re2 Rb6 29. d6 c6 30. d7 Rd8 31. Ba3 Bf5 32. Nd6 Bxd7 33. Ndb7 Rf8 34. Qxd7 Qb1+ 35. Kf2 e4 36. Qe6+ Kh8 37. Qxe4 Qa1 38. Ne6 Re8 39. Qxf4 Rxb7 40. Re3 Qa2+ 41. Kg1 Rxe6 42. Bb2 Qxb2 43. Rxe6 Qd4+ 0-1